Sports Quiz

Random Sports or Baseball Quiz

MLB: Top Seasons for First Basemen, 1876-2015 Quiz Stats

Quiz not verified by Sporcle

Challenge
Share
Tweet
Embed
Score 0/79 Timer 08:00
0 Plays Today
WAR Name % Correct
9.7Albert Pujols
99.2%
9.2Albert Pujols
99.2%
8.7Albert Pujols
99.2%
8.5Albert Pujols
99.2%
8.4Albert Pujols
99.2%
8.4Albert Pujols
99.2%
7.5Albert Pujols
99.2%
11.8Lou Gehrig
98.5%
10.4Lou Gehrig
98.5%
9.6Lou Gehrig
98.5%
9.4Lou Gehrig
98.5%
9.1Lou Gehrig
98.5%
8.8Lou Gehrig
98.5%
8.6Lou Gehrig
98.5%
7.9Lou Gehrig
98.5%
7.7Lou Gehrig
98.5%
7.6Lou Gehrig
98.5%
8.8Todd Helton
97.6%
8.3Todd Helton
97.6%
7.8Todd Helton
97.6%
8.2Jeff Bagwell
97.5%
7.7Jeff Bagwell
97.5%
7.5Jeff Bagwell
97.5%
7.4Jeff Bagwell
97.5%
9.1Jason Giambi
94.2%
7.7Jason Giambi
94.2%
7.1Jason Giambi
94.2%
7.5Miguel Cabrera
93.9%
8.8Paul Goldschmidt
93%
7.6Joey Votto
93%
7.1Paul Goldschmidt
93%
10.5Jimmie Foxx
91.7%
9.2Jimmie Foxx
91.7%
8.9Jimmie Foxx
91.7%
8.3Jimmie Foxx
91.7%
7.9Jimmie Foxx
91.7%
7.6Jimmie Foxx
91.7%
7.1Jimmie Foxx
91.7%
7.3Frank Thomas
91.3%
7.4Jim Thome
89.4%
WAR Name % Correct
8.1Willie McCovey
89.3%
7.0Willie McCovey
89.3%
7.5Mark McGwire
87.6%
8.6Stan Musial
87.4%
7.3Stan Musial
87.4%
7.3Carlos Delgado
85.5%
7.7Derrek Lee
85.2%
7.2Don Mattingly
84.7%
7.7Hank Greenberg
83.6%
7.7Hank Greenberg
83.6%
7.0Hank Greenberg
83.6%
8.6Will Clark
82.4%
7.2Carlos Pena
81.6%
9.7Rod Carew
80.1%
7.1Eddie Murray
78.9%
7.8Mark Teixeira
78.8%
7.2Mark Teixeira
78.8%
7.7John Olerud
77.9%
7.6John Olerud
77.9%
9.5Carl Yastrzemski
77.6%
7.6Keith Hernandez
69.8%
7.2Hank Aaron
67.4%
9.2Norm Cash
63.9%
7.9Ted Kluszewski
63%
7.9Johnny Mize
60%
7.4Johnny Mize
60%
7.1Johnny Mize
60%
8.6Dick Allen
56.1%
7.3Frank Chance
55.8%
9.8George Sisler
54.4%
8.7George Sisler
54.4%
7.6Bill Terry
44.2%
7.2Bill Terry
44.2%
7.2John Mayberry
42.6%
8.8Dan Brouthers
31.3%
8.2Dan Brouthers
31.3%
8.1Roger Connor
25.9%
7.5Roger Connor
25.9%
7.1Roger Connor
25.9%

You're not logged in!

Compare scores with friends on all Sporcle quizzes.
Join for Free
OR
Log In

You Might Also Like...

Show Comments

Extras

Top Quizzes Today


Score Distribution

Your Account Isn't Verified!

In order to create a playlist on Sporcle, you need to verify the email address you used during registration. Go to your Sporcle Settings to finish the process.

Report this User

Report this user for behavior that violates our Community Guidelines.

Details: